| 000 | 00872nas a2200277 4500 | ||
|---|---|---|---|
| 001 | BR2016000098 | ||
| 003 | BR-BrBNA | ||
| 005 | 20231205130025.0 | ||
| 007 | ta | ||
| 008 | 230509b bl.|||p| |||| 00| 00por d | ||
| 040 |
_aBR-BrBNA _bpor _cBiblioteca Nacional de Agricultura |
||
| 041 | _a(Pt) | ||
| 072 | _aQ04 | ||
| 100 | 1 | _aPagnan, M.F. | |
| 100 | 1 | _aBassinello, P.Z. | |
| 100 | 1 | _aPrudencio, S.H. | |
| 245 | 1 | _aCaracterísticas sensoriais, físicas e químicas e aceitação de arroz irrigado ou de terras altas | |
| 650 | _aARROZ IRRIGADO | ||
| 650 | _aGRÃO | ||
| 650 | _aCOMPOSIÇÃO QUÍMICA | ||
| 650 | _aANÁLISE ORGANOLÉPTICA | ||
| 650 | _aGENÓTIPO | ||
| 773 | 0 |
_tPesquisa Agropecuária Brasileira (Brazil) _xISSN 0100-204X _g(Oct 2015), v. 50(10) p. 979-988 _wBR2016000098 |
|
| 909 |
_a202311 _bLúcia _c55 _dLúcia Elande |
||
| 942 |
_2AGRIS _n0 _cANA |
||
| 999 |
_c247489 _d247489 |
||